LEADER 05156nam 22005173 450 001 9910720875903321 005 20230515084603.0 010 $a1-00-328166-4 010 $a1-000-64293-3 010 $a1-003-28166-4 035 $a(MiAaPQ)EBC7245324 035 $a(CKB)26631510300041 035 $a(Au-PeEL)EBL7245324 035 $a(NjHacI)9926631510300041 035 $a(EXLCZ)9926631510300041 100 $a20230515d2022 uy 0 101 0 $aeng 135 $aurcnu|||||||| 181 $ctxt$2rdacontent 182 $cc$2rdamedia 183 $acr$2rdacarrier 200 10$aPolitico-Ideological Mobilisation and Violence in the Arab World $eAll In 210 1$aMilton :$cTaylor & Francis Group,$d2022. 210 4$d©2023. 215 $a1 online resource (286 pages) 225 1 $aRoutledge Studies in Criminal Behaviour Series 311 $a9781032251226 320 $aIncludes bibliographical references and index. 327 $aIntroduction -- PART I: Towards a grievance-based analysis -- Chapter 1: Engaging with PIV and PIM in relation to the Arab World -- Chapter 2: Bringing grievances back in -- Chapter 3: Research protocol -- PART II: Mapping grievances -- Chapter 4: Three ideal-types of grievances -- Chapter 5: Socio-economic grievances -- Chapter 6: Ethno-racial grievances -- Chapter 7: Political grievances -- Chapter 8: Grievances, a relevant object of inquiry? -- PART III: Performing grievances -- Chapter 9: Identification : Naming the injustice -- Chapter 10 : Appropriation - Owning the injustice -- Chapter 11: Responsibilisation of self and others - addressing the injustice -- PART IV: Mobilisation, violence and disengagement -- Chapter 12: The taste of radicality: Thrill-seeking and adventurism -- Chapter 13 : The logics of violence: 'Bring back the chaos' -- Chapter 14 : The importance of context: Places, people and biographic availability -- Chapter 15: Disengaging: 'You have to give him love' -- PART V: Discussion and outlook -- Chapter 16: Towards a theory of grievance-based mobilisation -- Chapter 17 : Implications for research and policymaking -- Conclusion. 330 $a"This book presents a study of politico-ideological mobilisation and violence by focusing on the life stories, trajectories and narratives of individuals who mobilised for causes and conflicts in the Arab World. It provides a greater understanding of the biographical, sociological, political and historic factors pertinent for their radicalisation processes. What makes individuals identify with suffering and injustice, often of others and elsewhere? Why do individuals feel the need to stand up in the first place and how does violent action become a justifiable or necessary course of action? Why and how do they disengage from violence? This book, based on interviews conducted in Lebanon, Switzerland, and Canada, answers these questions. It presents new theoretical insights about politico-ideological mobilisation and violence. By focusing on grievances and grounding analysis in the empirical reality as it is shared and narratively constructed by those who are at the heart of the phenomenon, it moves beyond the moralistic and politicised debates that characterise the field. Interviewees include non-violent and violent engagement for causes and conflicts related to the Arab World, such as sympathisers or members of groups and causes from a variety of ideological orientations, including Shiite militias, Salafi-jihadist groups, radical left-wing groups, Palestine-specific, Kurdish groups, and others such as right-wing or unspecified affiliations. By choosing individuals with different forms of political engagement, both non-violent and violent, and different ideological orientations, it helps readers to get a better grasp of how similar grievances may lead to different outcomes. In focusing on three markedly different geopolitical contexts, the book also provides a crosscontextual understanding of mobilisation for political and violent action. The interviewees also include experts and peripheral actors such as professionals, researchers, policymakers, friends, or family members. Their perspectives complement and enrich some of the findings by providing external yet in-depth 'expert knowledge'. Politico-ideological Mobilisation and Violence in the Arab World will be of great interest to criminologists, political scientists, sociologists, and other scholars interested in the study of terrorism, radicalisation and extremism. It will also appeal to journalists, policymakers, practitioners working in the field"--$cProvided by publisher. 410 0$aRoutledge Studies in Criminal Behaviour Series 606 $aPolitical violence 606 $aRadicalism 606 $aRadicalization 615 0$aPolitical violence. 615 0$aRadicalism. 615 0$aRadicalization. 676 $a303.60917/4927 700 $aAjil$b Ahmed$01355964 801 0$bMiAaPQ 801 1$bMiAaPQ 801 2$bMiAaPQ 906 $aBOOK 912 $a9910720875903321 996 $aPolitico-Ideological Mobilisation and Violence in the Arab World$93360115 997 $aUNINA LEADER 00913nam0 22002651i 450 001 RML0291372 005 20231121125736.0 010 $a2070318478 100 $a20121121d2004 ||||0itac50 ba 101 | $afre 102 $afr 181 1$6z01$ai $bxxxe 182 1$6z01$an 200 1 $a˜L'œAfricain$fJ.M.G. Le Clézio 210 $a[Paris] $cMercure de France$a[Gallimard] $d©2004 215 $a125 p.$c[16] ill.$d18 cm 700 1$aLe Clézio$b, Jean-Marie Gustave$3RMLV188339$0408168 801 3$aIT$bIT-01$c20121121 850 $aIT-FR0017 899 $aBiblioteca umanistica Giorgio Aprea$bFR0017 912 $aRML0291372 950 0$aBiblioteca umanistica Giorgio Aprea$d 52CIS Folio 4250$e 52VM 0000608675 VM barcode:00047781. - Inventario:4437 LLCSVM$fA $h20060424$i20121204 977 $a 52 996 $aAfricain$93628152 997 $aUNICAS